<?xml version="1.0" encoding="UTF-8"?>
<marc:record xmlns:marc="http://www.loc.gov/MARC21/slim">
   <marc:leader>00000nam a2200000 a 4500</marc:leader>
   <marc:datafield ind1="1" ind2=" " tag="100">
      <marc:subfield code="a">Hunter, Erin</marc:subfield>
      <marc:subfield code="4">aut</marc:subfield>
      <marc:subfield code="e">Verfasser/-in</marc:subfield>
   </marc:datafield>
   <marc:datafield ind1=" " ind2=" " tag="653">
      <marc:subfield code="a">ab 10</marc:subfield>
   </marc:datafield>
   <marc:datafield ind1="0" ind2="0" tag="245">
      <marc:subfield code="a">Sonnenuntergang</marc:subfield>
   </marc:datafield>
   <marc:datafield ind1=" " ind2="1" tag="264">
      <marc:subfield code="b">Beltz &amp; Gelberg</marc:subfield>
      <marc:subfield code="c">2012</marc:subfield>
   </marc:datafield>
   <marc:datafield ind1="1" ind2=" " tag="490">
      <marc:subfield code="a">Warrior Cats</marc:subfield>
   </marc:datafield>
   <marc:datafield ind1="1" ind2=" " tag="520">
      <marc:subfield code="a">Eine schreckliche Schlacht gegen eine Meute von Dachsen hat den DonnerClan große Verluste gekostet. Und noch immer ist der Clan ohne Zweiten Anführer. Der junge Krieger Brombeerkralle ist wütend: Feuerstern muss endlich einen Stellvertreter ernennen - und er wäre genau der Richtige! In seinen Träumen wird Brombeerkralle von seinem Vater Tigerstern und seinem Halbbruder Habichtfrost heimgesucht, die seine Gedanken vergiften. Ein furchtbarer Plan nimmt Gestalt an...</marc:subfield>
   </marc:datafield>
   <marc:datafield ind1=" " ind2=" " tag="020">
      <marc:subfield code="a">9783407811028</marc:subfield>
      <marc:subfield code="9">9783407811028</marc:subfield>
   </marc:datafield>
</marc:record>
